Formal structure of electromagnetics : general covariance and electromagnetics /

Guardado en:
Autor Principal: Post, E. J.
Formato: Libro
Idioma:English
Publicado: Amsterdam : North-Holland, 1962.
Series:Series in physics
Etiquetas: Agregar Etiqueta
Sin Etiquetas, Sea el primero en etiquetar este registro!
LEADER 00483nam a22001455a 4500
001 MAT.inmabb001353
008 031124s1962####ne############000#0#eng#d
005 20170809134938.0
245 1 0 |a Formal structure of electromagnetics :  |b general covariance and electromagnetics /  |c by E. J. Post. 
260 |a Amsterdam :  |b North-Holland,  |c 1962. 
300 |a xiv, 204 p. ;  |c 21 cm. 
440 0 |a Series in physics 
100 1 |a Post, E. J. 
084 |a 78-XX  |2 msc2000 
859 |h 78  |i P857  |p A-1029  |b BIB. MATEMATICA